000 00350nam a2200145Ia 4500
008 150201s2010 xx 000 0 und d
082 _a618
_bP10C
100 _aCHAUDHARI, S.K.
245 _aPRACTICE OF FERTILITY CONTROL
250 _a7TH
260 _bELSEVIER
_aDELHI
_c2010
300 _a1-364
650 _aOBST & GYNAECOLOGY
942 _2ddc
_cBK
_01
999 _c308
_d308